| 000 | 00575nam a22001697a 4500 | ||
|---|---|---|---|
| 005 | 20231114103907.0 | ||
| 008 | 231114b |||||||| |||| 00| 0 eng d | ||
| 020 | _a0627004105 | ||
| 041 | _aAfrikaans | ||
| 082 | _a344.5 STR | ||
| 100 |
_aStrauss, SA ; Strydom, MJ and Van der Walt, JC _lEnglish |
||
| 245 |
_aDie Suid-Afrikaanse Persreg / _cSA Strauss, MJ Strydom and JC Van der Walt |
||
| 260 |
_aPretoria : _bJ L Van Schaik Beperk, _c1976 |
||
| 300 |
_bxxiv, 400 pages ; _c24,7 cm. |
||
| 650 |
_aLegal practice _bLaw |
||
| 942 |
_cBK _6ALISON_BN_VRIES |
||
| 999 |
_c623 _d623 |
||